000 00579nam a2200157Ia 4500
008 210716s2006 xx 000 0 und d
020 _a8126509449
041 _aeng
082 _a005.276 WALS
100 _aWalker, Shaun;Brinkman, Joe;Hopkins, Bruce;Mcculloch, Scott;Willhite, Scott;Paterra, Chris;Santry, Patrick;Caron, Dan.
245 _aProfessional dotnetnuke 4: module iv programming and problem solving through c.
_bModule iv programming and problem solving through c.
250 _a1
260 _aNew Delhi
_bWiley India
_c2006
300 _axxii,517
650 _aASP
999 _c187736
_d187736